| 000 | 00361nam a22001457a 4500 | ||
|---|---|---|---|
| 020 | _a978-81-87057-49-9 | ||
| 082 |
_a920 _bGUP/P |
||
| 100 | _aGUPTA,JAGDISH | ||
| 245 | _aPRESIDENTS AND PRIME MINISTERS OF INDIA | ||
| 250 | _aFIRST | ||
| 260 |
_aGURGAON _bPRASHANT |
||
| 300 | _a224 | ||
| 650 |
_aPRESIDENTS & PRIME MINISTERS OF INDIA _zGURGAON |
||
| 942 | _cBK | ||
| 999 |
_c6223 _d6223 |
||